BIBLIOTHÈQUE DE LA MAISON DU MEXIQUE

Logo 1 Logo 2

Charles B. Waite (notice nᵒ 6901)

détails MARC
000 -Sello discográfico
campo de control de longitud fija 01098nam a2200313 4500
005 - Identificación de versión
campo de control 20251016084735.0
010 ## - Número Estándar Internacional de Libros (ISBN)
Número (ISBN) 978-607-455-647-6
099 ## - fechas locales
Tipo de ítem Koha LIBRO
100 ## - Datos de procesamiento general
Datos de procesamiento general 20231102d20111998m y1spay5003 ba
105 ## - Campo de datos codificados: Material textual, monográfico
Datos codificados de monografía a 001zy
200 1# - Título y mención de responsabilidad
Título propio Charles B. Waite
Designación general del material texto impreso
Otra información del título la época de oro de las postales en México
Primer mención de responsabilidad Francisco Montellano
205 ## - Declaración de edición
Declaración de edición 2a ed
210 ## - Publicación, distribución, etc.
Lugar de publicación, distribución, etc. México
Nombre del editor, distribuidor, etc. Consejo Nacional para la Cultura y las Artes
Fecha de publicación, distribución, etc. 2001
215 ## - Descripción física
Designación de material específico y extensión del ítem 180 p
Otras características físicas il.
Dimensiones 25 cm
345 ## - Nota de información de adquisición
Fuente de adquisición/dirección de la suscripción [OBSOLETO] Donación
410 #1 - Series
Título Círculo de arte
Nombre de parte o sección Fotografía
600 ## - Nombre personal usado como materia
Elemento de entrada Waite
Parte del nombre distinta del elemento de entrada Charles Burlingame
Fechas 1861-1929
Número Koha 12944
606 ## - Término temático usado como materia
Elemento de entrada Tarjetas postales
Subdivisión geográfica México
Subdivisión temática Historia
Subdivisión cronológica Siglo XIX
Número Koha 56
607 ## - Nombre geográfico utilizado como tema
Elemento de entrada México
Subdivisión temática Descripción y viajes
-- Fotografías, ilustraciones, etc
Número Koha 8404
660 ## - Código de área geográfica
Código MX
700 ## - Nombre personal - Responsabilidad primaria
Elemento de entrada Montellano Ballesteros
Parte del nombre distinta del elemento de entrada Francisco
Número Koha 12936
801 #0 - Fuente de origen
País FR
Agencia cm
Reglas de catalogación (convenciones descriptivas) AFNOR
900 ## -
-- 1/22461
900 ## -
-- 7100417642\080104
942 ## - ELEMENTOS DE ENTRADA SECUNDARIOS (KOHA)
Tipo de ítem Koha Livre
996 ## -
-- MEX
-- 751145101
-- MMAG
-- 008935
-- 704.9 C571 V.103
-- 20231102LIV
Exemplaires
Estatus retirado Estado de daño Estado de pérdida Fecha de adquisición Biblioteca de origen Biblioteca actual Ubicación en estantería Código de barras Precio de reemplazo Signatura topográfica completa No para préstamo Tipo de ítem Koha Nota pública Nota no pública
      05/08/2025 Casa México Paris Casa México Paris   008935 05/08/2025 704.9 C571 V.103   Livre 20231102LIV 751145101